LEADER 01135nam 2200397 450 001 9910480830003321 010 $a0-309-47972-X 010 $a0-309-47970-3 035 $a(CKB)4100000007878457 035 $a(MiAaPQ)EBC5742474 035 $a(EXLCZ)994100000007878457 100 $a20190422d2019 uy 0 101 0 $aeng 135 $aurcnu|||||||| 181 $ctxt$2rdacontent 182 $cc$2rdamedia 183 $acr$2rdacarrier 200 00$aQuantum computing $eprogress and prospects /$fEmily Grumbling and Mark Horowitz, editors 210 1$aWashington, District of Columbia :$cThe National Academies Press,$d2019. 215 $a1 online resource (273 pages) 311 $a0-309-47969-X 606 $aQuantum computing 606 $aCryptography 608 $aElectronic books. 615 0$aQuantum computing. 615 0$aCryptography. 676 $a006.3843 702 $aGrumbling$b Emily 702 $aHorowitz$b Mark 801 0$bMiAaPQ 801 1$bMiAaPQ 801 2$bMiAaPQ 906 $aBOOK 912 $a9910480830003321 996 $aQuantum computing$92009879 997 $aUNINA